ბათუმის შოთა რუსთაველის სახელმწიფო უნივერსიტეტის ბიბლიოთეკა

თხზულებანი. ლექსები,პოემები,მოთხრობები,პიესები (ბიბ.ჩანაწერი № 42142)

000 -LEADER
fixed length control field 00994nam a2200229Ia 4500
001 - CONTROL NUMBER
control field 8834
003 - CONTROL NUMBER IDENTIFIER
control field GE_BSU
008 - FIXED-LENGTH DATA ELEMENTS--GENERAL INFORMATION
fixed length control field 181216s||||||||xx |||||||||||||| ||und||
040 ## - CATALOGING SOURCE
Transcribing agency GE_BSU
080 ## - UNIVERSAL DECIMAL CLASSIFICATION NUMBER
Universal Decimal Classification number 821.353.1-1+821.353.1-11+821.353.1-32
100 ## - MAIN ENTRY--PERSONAL NAME
Personal name ვაჟა–ფშაველა
245 ## - TITLE STATEMENT
Title თხზულებანი. ლექსები,პოემები,მოთხრობები,პიესები
245 ## - TITLE STATEMENT
Statement of responsibility, etc. რედ. ირაკლი აბაშიძე,მხატვ. ლადო გრიგოლია
260 ## - PUBLICATION, DISTRIBUTION, ETC.
Place of publication, distribution, etc. თბილისი
260 ## - PUBLICATION, DISTRIBUTION, ETC.
Name of publisher, distributor, etc. საბჭ.მწერალი
260 ## - PUBLICATION, DISTRIBUTION, ETC.
Date of publication, distribution, etc. 1960
300 ## - PHYSICAL DESCRIPTION
Extent 894გვ.21სმ.
300 ## - PHYSICAL DESCRIPTION
Accompanying material შენიშვნები ლექსიკონი ანბანური საძ. გვ.887-894
653 ## - INDEX TERM--UNCONTROLLED
Uncontrolled term თხზულებანი. ლექსები
653 ## - INDEX TERM--UNCONTROLLED
Uncontrolled term პოემები,მოთხრობები,პიესები
942 ## - ADDED ENTRY ELEMENTS (KOHA)
Koha item type წიგნი
ეგზემპლარები
Withdrawn status Lost status Damaged status Not for loan Date acquired Barcode Date last seen Price effective from Koha item type
        2018-12-17 31304 2018-12-17 2018-12-17 წიგნი